Score 0/16 Timer 03:00
0 Plays Today
Scrambled Word Answer % Correct
PEAAPE
99.9%
NOYEMKMONKEY
87.5%
REMLULEMUR
84.4%
BONABOBABOON
83.6%
NUAHMHUMAN
75%
ARIGLOLGORILLA
72.3%
TRUOANAGNORANGUTAN
68.3%
BOBINGGIBBON
48.9%
Scrambled Word Answer % Correct
Common Theme:Primates
42%
NOBOOBBONOBO
40.2%
WHEROLHOWLER
28.2%
CIHNUPACCAPUCHIN
23.3%
ACUQMEAMACAQUE
20.9%
OSTERMAMMARMOSET
14.9%
SOCLOUBCOLOBUS
9.8%
ANTRIAMTAMARIN
5.7%
Remove Ads.
Support Sporcle.
Get the best of Sporcle when you Go Orange. This ad-free experience offers more features, more stats, and more fun while also helping to support Sporcle. Thank you for becoming a member.

You're not logged in!

Compare scores with friends on all Sporcle quizzes.
OR
Log In

Show Comments

Extras

Top Quizzes Today


Score Distribution

Your Account Isn't Verified!

In order to create a playlist on Sporcle, you need to verify the email address you used during registration. Go to your Sporcle Settings to finish the process.

Report this User

Report this user for behavior that violates our Community Guidelines.

Details: